Statistiques concernant Quiz Films (résumés bâclés #3)

Cliquez ici pour prendre le quiz!

Statistiques générales

  • Ce quiz a été pris 1 092 fois
  • Le résultat moyen est 7 sur 15

Statistiques - réponses

RésuméFilm% Correct
Des pirates qui boivent plus qu'ils ne pillent de bateaux pendant toute la saga (qui fait quand même cinq films !).Pirates des Caraibes
89%
Un homme prend une pilule que lui donne un chauve pour comprendre qu'il vit dans un monde de merde mais qu'il peut esquiver les balles en se penchant.Matrix
84%
Un homme est pris dans une télé-réalité géante depuis sa naissance et ne s'est aperçu de rien.The Truman Show
75%
Une baby-sitter magicienne emmène deux enfants danser sur les toits de la ville ou dans un monde imaginaire avec des pingouins.Mary Poppins
74%
Trois hommes ont foutu le bordel à Las Vegas et ont réussi à se marier et réveiller Mike Tyson dans la même nuit.Very Bad Trip
73%
Un jeune doit empêcher sa mère de l'épouser sinon il risque de disparaître et puis ça fait bizarre quand même.Retour vers le Futur
69%
Un homme est abandonné sur une planète et se met à y cultiver des patates sans pression.Seul sur Mars
66%
Un homme est contraint de revivre la même journée en permanence ce qui le conduit au suicide à répétition.Un Jour sans Fin
39%
Un pilote inconscient arrive à sortir avec une bombe en étant responsable de la mort de son copilote qui s'est cogné très fort.Top Gun
38%
Un homme kidnappe son frère autiste à cause d'une question d'héritage et le force à changer de marque de caleçon.Rain Man
31%
Un film où l'on côtoie des toxicos, des tueurs, un boxeur et des fans de BDSM avec des plans qui ne sont pas dans le bon ordre.Pulp Fiction
30%
Will Smith et le président des Etats-Unis vont exploser un gros vaisseau extraterrestre qui est visiblement une menace pour le monde.Independence Day
20%
Un homme prend la confiance lors de la délibération d'un procès et, seul contre tous, commence à faire une démonstration de ses talents d'enquêteur.12 hommes en colère
19%
Un jeune soldat arrive à retrouver son cheval au milieu des tranchés alors qu'il l'avait perdu plusieurs années avant (comme par hasard).Cheval de Guerre
18%
Des aliens venus de la Terre attaquent les hommes, en massacrent un paquet et meurent d'une maladie terrienne.La Guerre des Mondes
17%

Distribution des résultats

Percentile par nombre de réponses

% des personnes avec chaque résultat

Votre développement - résultats

Vous n’avez pas pris ce quiz